[Event "ROM-ch U12"]
[Site "Calimanesti"]
[Date "2014.04.11"]
[Round "7"]
[White "Panait, Dragos Florin"]
[Black "Borsos, Mihnea Nicolae"]
[Result "1/2-1/2"]
[WhiteElo "1651"]
[BlackElo "1308"]
[PlyCount "63"]
[EventDate "2014.04.06"]
[EventType "swiss"]
[EventRounds "9"]
[EventCountry "ROU"]
[SourceTitle "CBM 160 Extra"]
[Source "ChessBase"]
[SourceDate "2014.07.01"]
[SourceVersion "1"]
[SourceVersionDate "2014.07.01"]
[SourceQuality "1"]

1. e4 c6 2. d4 d5 3. exd5 cxd5 4. Bd3 Nc6 5. c3 Nf6 6. Bf4 Bg4 7. Qb3 Qd7 8. Nd2 e6 9. Ngf3 Bh5 10. Ne5 Nxe5 11. dxe5 Qc7 12. 0-0 Nd7 13. Bb5 Bc5 14. Qa4 a6 15. Nb3 Ba7 16. Bxd7+ Qxd7 17. Qxd7+ Kxd7 18. Nd4 Bxd4 19. cxd4 Rac8 20. Rac1 Rxc1 21. Rxc1 Rc8 22. Rxc8 Kxc8 23. Kf1 Kc7 24. Ke1 Kb6 25. Kd2 Bg6 26. Kc3 a5 27. Bg5 Be4 28. f3 Bb1 29. a3 Kb5 30. Be7 g6 31. b3 a4 32. b4 1/2-1/2

[Event "ROM-ch U14"]
[Site "Calimanesti"]
[Date "2013.04.07"]
[Round "8"]
[White "Borsos, Mihnea Nicolae"]
[Black "Ionita, Marius Mihai"]
[Result "1-0"]
[WhiteElo "1117"]
[BlackElo "1001"]
[PlyCount "65"]
[EventDate "2013.04.02"]
[EventType "swiss"]
[EventRounds "9"]
[EventCountry "ROU"]
[SourceTitle "CBM 153 Extra"]
[Source "ChessBase"]
[SourceDate "2013.04.22"]
[SourceVersion "1"]
[SourceVersionDate "2013.04.22"]
[SourceQuality "1"]

1. d4 d5 2. Nf3 Nc6 3. Bf4 Bf5 4. a3 Nf6 5. e3 a6 6. Be2 e6 7. 0-0 Bd6 8. Bg3 Bxg3 9. hxg3 0-0 10. c4 b5 11. cxb5 axb5 12. Bxb5 Qd6 13. Nbd2 Rab8 14. Bxc6 Qxc6 15. b4 Bd3 16. Re1 Ne4 17. Nxe4 dxe4 18. Ne5 Qd5 19. Nxd3 exd3 20. Qxd3 e5 21. Red1 e4 22. Qc3 Rfc8 23. Rdc1 c6 24. Qc4 Qd7 25. Rc2 Rb6 26. Qc5 Rb5 27. Qc4 Rb7 28. d5 Rbc7 29. Qxe4 cxd5 30. Rxc7 Rxc7 31. Qd4 Rc4 32. Qd3 d4 33. Qxc4 1-0

[Event "ROM-ch U14"]
[Site "Calimanesti"]
[Date "2013.04.03"]
[Round "2"]
[White "Borsos, Mihnea Nicolae"]
[Black "Cristian, Codrut"]
[Result "0-1"]
[WhiteElo "1117"]
[BlackElo "1555"]
[PlyCount "85"]
[EventDate "2013.04.02"]
[EventType "swiss"]
[EventRounds "9"]
[EventCountry "ROU"]
[SourceTitle "CBM 153 Extra"]
[Source "ChessBase"]
[SourceDate "2013.04.22"]
[SourceVersion "1"]
[SourceVersionDate "2013.04.22"]
[SourceQuality "1"]

1. d4 d5 2. Nf3 e6 3. Bf4 Be7 4. e3 Nf6 5. Be2 0-0 6. 0-0 b6 7. c4 Bb7 8. Nc3 c5 9. Ne5 Nc6 10. Rc1 Rc8 11. Nb5 Nxe5 12. Bxe5 a6 13. Nc3 dxc4 14. Bxc4 cxd4 15. Ne2 Rxc4 16. Rxc4 Qd5 17. Nf4 Qxc4 18. Bxd4 Rd8 19. Qe1 b5 20. b3 Qc2 21. Qb1 Qxb1 22. Rxb1 Rc8 23. h3 Be4 24. Ra1 Bd6 25. Ne2 Rc2 26. Nc3 e5 27. Nxe4 Nxe4 28. Bb6 Nxf2 29. Rf1 Nd3 30. Rd1 Rc1 31. Rxc1 Nxc1 32. a4 bxa4 33. bxa4 Nb3 34. Kf2 Kf8 35. Kf3 Nd2+ 36. Ke2 Nc4 37. Bd8 Ke8 38. Bh4 Nb2 39. a5 Bb4 40. Bg3 f6 41. e4 Bxa5 42. Bf2 Bb4 43. Bb6 0-1